01196nam a2200265 a 450000100100000000500170001000800410002702000180006804000250008608200200011110000360013124500720016726000300023930000200026950000630028959000640035259000280041665000280044465000310047291000370050395201320054095201180067295201230079099900170091300001582920240412074244.0100219s2008 dr 000 p spa d a9789945864427 aDO-SdBNPbspacBNPHU aRD861.44bS267s1 aSaviñon, Pablo Roberto93563613aLa senda por donde caminan los canallas /cPablo Roberto Saviñon. aBonao :bTalleres,c2008. a41 p. ;c21 cm. aIncluye datos biográficos del autor en la contracubierta aLa biblioteca posee 2 ejemplares autografiados por el autor aInventariado, 2019 / DG 0aPoesía dominicana966 0aLiteratura dominicana.967 aValidado. Control de calidad MFF 001054708DSaGRbGRcHDd2010-02-19iLF1l0oRD861.44 S267sp15829-30r2020-06-25te.3w2020-06-25yLFDSZPréstamo en sala 0010718PDaPDbPDcHDd2010-02-19iLF1l0oRD861.44 S267sp15829-10r2020-06-25w2020-06-25yLFPDZNo se presta 0010718PDaPDbPDcHDd2010-02-19iLF1l0oRD861.44 S267sp15829-20r2020-06-25te.2w2020-06-25yLFPDZNo se presta c15373d15373